000 00294nam a22001337a 4500
008 170717b xxu||||| |||| 00| 0 eng d
020 _a32530604420883
041 _aeng
080 _a2
100 _a24
101 _aTEO
245 _aTHE INTERPRETER'S BIBLE
_cBUTTRICK,G.A
942 _2udc
_cBK
999 _c21295
_d21295